00253 a2200109 4500000002500000020001500025100002100040245003700061260001700098264001100115999001700126 nam a22 7a 4500 a0199488800 aSanjay kumar969 aCommunication skills: A workbook boxfordc2018 boxford c35907d35907